000 01206pam a2200301 4500
999 _c41175
_d41175
001 3614726
003 OSt
005 20210702124248.0
008 731128s1974 nyua 001 0 eng
010 _a 73021520
020 _a0070602190
040 _aDLC
_cDLC
_dDLC
050 1 0 _aQA403.5
_b.S66
082 0 0 _a515.2433
_bSPI/S
100 _aSpiegel, Murray R
_9762
245 1 0 _aSchaum's outline of theory and problems of Fourier analysis,
_bwith applications to boundary value problems,
_cby Murray R. Spiegel.
260 _aNew York,
_bMcGraw-Hill
_c[1974]
300 _a191 p.
_billus.
_c28 cm.
490 0 _aSchaum's outline series
650 0 _aFourier analysis.
650 0 _aBoundary value problems.
740 _aTheory and problems of Fourier analysis.
856 4 2 _3Publisher description
_uhttp://www.loc.gov/catdir/description/mh022/73021520.html
856 4 1 _3Table of contents
_uhttp://www.loc.gov/catdir/toc/mh021/73021520.html
856 4 2 _3Contributor biographical information
_uhttp://www.loc.gov/catdir/enhancements/fy1012/73021520-b.html
906 _a7
_bcbc
_corignew
_d1
_eocip
_f19
_gy-gencatlg
942 _2ddc
_cBK
_h515.2433
_iSPI/S
_k515.2433
_mSPI/S